[Event "ARG-ch U10"]
[Site "Villa Martelli"]
[Date "2018.02.12"]
[Round "7.3"]
[White "Petti, Luca Giovanni"]
[Black "Barchiesi, Gonzalo"]
[Result "1-0"]
[WhiteElo "1298"]
[BlackElo "1212"]
[PlyCount "53"]
[EventDate "2018.02.09"]
[EventType "swiss"]
[EventRounds "9"]
[EventCountry "ARG"]
[SourceTitle "EXT 2024"]
[Source "ChessBase"]
[SourceDate "2023.10.10"]
[SourceVersion "1"]
[SourceVersionDate "2023.10.10"]
[SourceQuality "1"]

1. e4 e5 2. Nf3 Nf6 3. Nxe5 d6 4. Nf3 Nxe4 5. Nc3 Nf6 6. d4 d5 7. h3 Bf5 8. Be3 Nbd7 9. Qd2 Bb4 10. Be2 Qe7 11. Bd3 Bxd3 12. cxd3 Rc8 13. 0-0 0-0 14. Bg5 c5 15. Rfe1 Qd6 16. Rac1 cxd4 17. Nxd4 h6 18. Nf5 Bxc3 19. bxc3 Qc5 20. Ne7+ Kh7 21. Nxc8 Rxc8 22. Bxf6 Nxf6 23. Qe3 Qa5 24. Qd2 d4 25. Rc2 dxc3 26. Qf4 Nd5 27. Qf5+ 1-0